000 00705nam a2200289Ia 4500
001 3111
003 6331
005 20241002063628.0
008 ||||||n9999 ||| || ||
020 _a9682401976
041 _aspa
082 _219
_a330101
100 _aScheifler Amézaga, Xavier
_95895
245 0 _aTeoria económica
_bmicroeconomía. Teoria del consumo, teoria del mercado, teoria de la producción
260 _aMéxico :
_bTrillas,
_c1982.
300 _a295P
562 _e5
650 0 _aHistoria económica
_92064
942 _cBKM
999 _c3111
_d3111
526 _a116204
526 _a4969
526 _a19790
526 _a104436
526 _a5144
526 _a51868
526 _a1697